| 000 | 00662nam a22002057a 4500 | ||
|---|---|---|---|
| 999 |
_c9471 _d9471 |
||
| 003 | AR-CdUCM | ||
| 008 | 190328b ||||| |||| 00| 0 spa d | ||
| 020 | _a978-607-618-037-2 | ||
| 040 |
_aMUNICIPALIDAD PROVINCIAL DEL CUSCO _cBIBLIOTECA MUNICIPAL DEL CUSCO |
||
| 082 |
_aSI-0079 / _bPLE / oso |
||
| 100 |
_aPledger, Maurice _925658 |
||
| 245 |
_aEl oso Bobby : _blibro de calcomanías / |
||
| 260 |
_aMéxico : _bAdvanced Marketing, _c2013. |
||
| 300 |
_a72 páginas ; _bIlustraciones, calcomanias. _c28 cm. |
||
| 650 |
_aLibro infantil _924758 |
||
| 650 |
_aMaterial didactico _910701 |
||
| 700 |
_aWood, A. J. _925684 |
||
| 942 |
_2ddc _cLIBROS |
||
| 945 | _aafb | ||